Normal view
MARC view
Entry Topical Term
001 - CONTROL NUMBER
- control field: 29351
003 - CONTROL NUMBER IDENTIFIER
- control field: OSt
005 - DATE AND TIME OF LATEST TRANSACTION
- control field: 20230822153614.0
008 - FIXED-LENGTH DATA ELEMENTS
- fixed length control field: 230822|| aca||aabn | a|a d
040 ## - CATALOGING SOURCE
- Original cataloging agency: OSt
- Transcribing agency: OSt
150 ## - HEADING--TOPICAL TERM
- Topical term or geographic name entry element: စေတီ - သမိုင်း
670 ## - SOURCE DATA FOUND
- Source citation: Work cat.: (OSt): ကုမာရ၊ ဘဒ္ဒန္တ(အဂ္ဂမဟာပဏ္ဍိတ)။ 29350, ထမ်းငြိမ်းစေတီတော် သမိုင်း /, ၂၀၀၉။